=LDR 00000nam 2200000 4500 =001 INLIS000000000010932 =005 20130612102535 =008 ***********************************Ind** =035 ##$$0010-061300000010932 =041 ##$$a Ind =082 ##$$a 387, 5 =090 ##$$a 387, 5, Sud p =100 ##$$a Sudjatmiko, F.D.C =245 ##$$a Pokok-Pokok palayanan Niaga, Drs.F.D.C.Sudjatmiko =260 ##$$a 979 $b jakarta =300 ##$$a VII-194 hlm, 21 cm =650 ##$$a Pelayaran Niaga =850 ##$$a NBPNMAT